Historia de Valles (Record no. 9059)

MARC details
000 -CABECERA
campo de control de longitud fija 00669nam a2200217 a 4500
001 - NÚMERO DE CONTROL
campo de control BRL_246
005 - FECHA Y HORA DE LA ÚLTIMA TRANSACCIÓN
campo de control 20190320210643.0
008 - DATOS DE LONGITUD FIJA--INFORMACIÓN GENERAL
campo de control de longitud fija 080713s1970----mx-a######---#000-0#spa-#
041 ## - CÓDIGO DE LENGUA
Código de lengua del texto/banda sonora o título independiente spa
044 ## - CÓDIGO DEL PAÍS DE LA ENTIDAD EDITORA/PRODUCTORA
Código MARC del país mx
050 #4 - SIGNATURA TOPOGRÁFICA DE LA BIBLIOTECA DEL CONGRESO
Número de clasificación F1391.C634
Número de documento/Ítem .M43 1970
100 1# - ENTRADA PRINCIPAL--NOMBRE DE PERSONA
Nombre de persona Meade, Joaquin
Fechas asociadas al nombre 1896-1971
9 (RLIN) 23348
245 10 - MENCIÓN DE TÍTULO
Título Historia de Valles
Resto del título monografía de la Huasteca Potosina
Mención de responsabilidad, etc. Joaquin Meade.
260 ## - PUBLICACIÓN, DISTRIBUCIÓN, ETC.
Lugar de publicación, distribución, etc. San Luis Potosí, S.L.P., México
Nombre del editor, distribuidor, etc. Sociedad Potosina de Estudios Históricos
Fecha de publicación, distribución, etc. 1970
300 ## - DESCRIPCIÓN FÍSICA
Extensión 319 p.
Otras características físicas il.
Dimensiones 24 cm.
500 ## - NOTA GENERAL
Nota general Au261
504 ## - NOTA DE BIBLIOGRAFÍA, ETC.
Nota de bibliografía, etc. Bibliografía : p. 315-319
651 #4 - PUNTO DE ACCESO ADICIONAL DE MATERIA--NOMBRE GEOGRÁFICO
Nombre geográfico Ciudad Valles (México)
Subdivisión general Historia
9 (RLIN) 23349
902 ## - CATALOGADOR
Iniciales GRL
942 ## - ELEMENTOS DE PUNTO DE ACCESO ADICIONAL (KOHA)
Fuente del sistema de clasificación o colocación Library of Congress Classification
Tipo de ítem Koha Libros
Holdings
Estado de retiro Estado de pérdida Estado dañado No para préstamo Localización permanente Ubicación/localización actual Fecha de adquisición Número de inventario Total de préstamos Signatura topográfica completa Código de barras Fecha visto por última vez Precio válido a partir de Tipo de ítem Koha
El ejemplar forma parte de la colección y puede ser consultado según las políticas vigentes.       Biblioteca Centro de Estudios Ruth D. Lechuga Biblioteca Centro de Estudios Ruth D. Lechuga 08/07/2013 Au261   F1391.C634 .M43 1970 (Au261) GRL00261 22/03/2019 22/03/2019 Libros